00628nam a22002057a 450000500170000001000130001702000100003003500130004003700160005304000120006908200160008110000220009724501230011926000450024227000510028730000270033865000220036565000120038770000230039920170124105946.0 aA-116995 c00.00 aA-116995 bCen Lib/Ret aDPLbEN a230.33bMAD aMadhav-Vidyaranya aSankara-Dig-Vijay :cby Madhav-Vidyaranya; traslated by Swami Tapasanandabthe traditional life of Sri Sankaracharya / aIndiabSri Rama Roadkrishna Mathc[n.d.] bMadrasa11, Ramakrishna Math, Mylaporee600004 axxxix, 208p.c22cm(Hb) aReligion--Sankara aHiduism aTapasananda, Wami